000 01148nmm a2200325 a 4500
001 ocm0002145878
003 TR-IsHL
005 20201028184311.0
008 181215s2012 tu tur
007 cr cn
020 _a9786056328978
035 _a2145878
_b(N$T)
050 0 4 _aPZ7.1.T78
_bS319 2012
090 0 4 _aPZ7.1.T78
_bS319 2012
100 1 _aTrueit, Trudi Strain
245 1 0 _aBir deney faresinin sırları :
_bsivri seçimlere aday
_h[electronic resource] /
_cTrudi Strain Trueit ; resimleyen Jim Paillot ; çevirmen Funda Sezer ; editör Nazlı Ceyhan Sümter
250 _a1. Baskı
260 _aİstanbul :
_bAspendos Yayıncılık,
_c2012
300 _a152 p.
500 _aÖzgün eseradı: Scab for treasurer?
650 4 _aDil ve Edebiyat
650 4 _aLanguage and Literature
650 0 _aAmerikan hikâyeleri
650 0 _aAmerican stories
650 7 _aJUVENILE FICTION / Animals / General
_2bisacsh
700 1 _aPaillot, Jim
700 1 _aSezer, Funda
700 1 _aSümter, Nazlı Ceyhan
856 4 0 _uhttp://search.ebscohost.com/login.aspx?direct=true&scope=site&db=e011xww&AN=2145878
999 _c20935
_d20935